000
00305nam a2200133Ia 4500
005
20251222141836.0
008
251222s9999||||xx |||||||||||||| ||spa||
020
_a
2-7022-0359-0
082
_a
730.944/V45
100
_a
Ratcliff, Carter
245
0
_a
Bernard Venet
264
_b
Cercle d'Art
942
_c
LIB
999
_c
7257
_d
7257